000 00826nam0a22002531 4500
001 rc\4308141
005 20250612043931.0
021 _aRU
_b[60-26458]
035 _a(NLR Aleph) 008506485
090 _a8141960
_c8141960
100 _a20130416d1960 |||y0rusy50 ca
101 0 _arus
102 _aRU
105 _aa z |||||
200 1 _aРасколдованный круг
210 _a[Москва]
_cМол. гвардия
_d1960
215 _a198 с.
_cил.
_d20
606 _aБег
_xСоревнования международные
_2psbo
700 1 _7ca
_8rus
_aВикторов
_bВ. Я.
_cжурналист, спорт
_f1909-
_gВиктор Яковлевич
_9265087
_3RU\NLR\AUTH\770265143
801 0 _aRU
_bNLR
_gpsbo
801 1 _aRU
_bELAR
_2rusmarc
852 _aNLR
_j60-3/1802
942 _cBOOK
980 _aNB